| 000 | 00721nam a2200205 4500 | ||
|---|---|---|---|
| 001 | 120837 | ||
| 003 | ES-MaACL | ||
| 007 | t| | ||
| 008 | 070214s1977 sp r ||||1| spa d | ||
| 100 | 1 |
_aPolunin, Oleg. _992891 |
|
| 245 | 1 | 0 |
_aGuía del campo de las flores de Europa / _cOleg Polunin ; dibujos de Barbara Everard ; traducción y adaptación por Javier Fernández Casas ; revisado por José Fortes Fortes. |
| 250 | _a2ª. ed. | ||
| 260 |
_aBarcelona : _bOmega, _c1977. |
||
| 300 |
_a796 p., 192 lám. ; _c23 cm. |
||
| 700 | 1 |
_aEverard, Barbara. _948389 |
|
| 700 | 1 |
_aFernández Casas, Javier _949563 |
|
| 700 | 1 |
_aFortes Fortes, José. _951849 |
|
| 852 |
_aES-MaACL _jL-7627 _bR.107492 |
||
| 999 |
_c120837 _d120837 |
||